000 00769nam a2200229Ia 4500
005 20250508165709.0
008 008 250505s9999 xx 000 0 eng d
020 _a978-0-19-875595-1
037 _aReference
040 _aFEDL
_beng
_cFEDL
041 _aeng
_2eng
084 _a507.1, BRU/RR
_qFEDL
100 _aBruguiere Catherine Ed.
_9781647
245 0 _aTopic and trends in current science education: 9th ESERA conference selected contributions
260 _aNew York, USA
_bSpringer
_c2014
300 _ax, 601p.
365 _aINR
_b10428.87
490 _aContributions from Science Education Research, vol. 1
700 _a Tiberghien Andree Ed. Clement Pierre Ed.
_9781648
942 _cREF
_h507.1, BRU/RR
999 _c1396823
_d1396823